National accounts of OECD countries 1996-2007

Uložené v:
Podrobná bibliografia
Médium: Kniha
Jazyk:English
French
Vydavateľské údaje: Paris OECD 2009
Predmet:
Tagy: Pridať tag
Žiadne tagy, Buďte prvý, kto otaguje tento záznam!

MARC

LEADER 00000nam a2200000 4500
001 0109447
005 20240104120823.1
020 |a 978-92-64-07270-1 
041 0 |a eng 
041 0 |a fre 
044 |a FR 
245 1 0 |a National accounts of OECD countries 1996-2007 
264 1 |a Paris  |b OECD  |c 2009 
300 |a 446 s. 
610 2 0 |a účty národné 
610 2 0 |a účtovníctvo národné 
610 2 0 |a údaje štatistické 
610 2 0 |a porovnanie medzinárodné 
610 2 0 |a údaje štatistické medzinárodné